Sports Quiz

Random Sports or NFL Quiz
Score 0/15 Timer 04:00
1 Play Today
Hint Answer % Correct
Passing Yards (Week 9)Tom Brady
99.1%
Passing Yards (Week 9)Drew Brees
96.3%
Rushing Yards (Week 9)Adrian Peterson
88.5%
Receiving Yards (Week 9)Andre Johnson
87.9%
Rushing Yards (Week 9)Chris Johnson
87.8%
Passing Yards (Week 9)Nick Foles
87.1%
Passing Yards (Week 9)Ben Roethlisberger
86.3%
Receiving Yards (Week 9)DeSean Jackson
79.2%
Hint Answer % Correct
Rushing Yards (Week 9)Eddie Lacy
76.7%
Receiving Yards (Week 9)Rob Gronkowski
68.9%
Receiving Yards (Week 9)Pierre Garcon
65.2%
Passing Yards (Week 9)Case Keenum
56.4%
Rushing Yards (Week 9)Chris Ivory
55.7%
Receiving Yards (Week 9)Riley Cooper
55.7%
Rushing Yards (Week 9)Mike James
34.4%
Remove Ads.
Support Sporcle.
Get the best of Sporcle when you Go Orange. This ad-free experience offers more features, more stats, and more fun while also helping to support Sporcle. Thank you for becoming a member.

You're not logged in!

Compare scores with friends on all Sporcle quizzes.
OR
Log In

Show Comments

Extras

Top Quizzes Today


Score Distribution

Your Account Isn't Verified!

In order to create a playlist on Sporcle, you need to verify the email address you used during registration. Go to your Sporcle Settings to finish the process.

Report this User

Report this user for behavior that violates our Community Guidelines.

Details: